LDR 00912naa#a2200193#i#450# 001 RU\\bibl\119831 005 20260426214002.7 011 ## _a1819-4036 100 ## _a20210226b2021####ek#y0rusy0150####ca 102 ## _aRU 200 1# _aКАЧЕСТВО СЕМЯН ЛЬНА И ВЫХОД ЛЬНЯНОГО МАСЛА В ЗАВИСИМОСТИ ОТ СРОКОВ ПОСЕВА _eЖурнальная статья 210 1# _aКрасноярск _cКрасноярский государственный аграрный университет _d2021 215 ## _a5 с. 608 ## _aЖурнальная статья _2local 675 ## _aОбщие вопросы сельского хозяйства. 631 _z 700 #1 _aНовикова _gАлла Владимировна 700 #1 _aВиноградов _gДмитрий Валериевич 700 #1 _aЛупова _gЕкатерина Ивановна 856 4# _avestnik.kgau.ru _u